LIBRARY & INFORMATION CENTRE, KCAET, TAVANUR

ONLINE PUBLIC ACCESS CATALOGUE (OPAC)

Theory of sound vol-1 / (Record no. 8826)

MARC details
000 -LEADER
fixed length control field 00449cam a2200169ua 4500
041 ## - LANGUAGE CODE
Language code of text/sound track or separate title eng
082 ## - DEWEY DECIMAL CLASSIFICATION NUMBER
Classification number 534
Item number STR/TH
100 ## - MAIN ENTRY--AUTHOR NAME
Personal name Strutt, John William .
245 ## - TITLE STATEMENT
Title Theory of sound vol-1 /
250 ## - EDITION STATEMENT
Edition statement 2 /
260 ## - PUBLICATION, DISTRIBUTION, ETC. (IMPRINT)
Place of publication Melbourne,London :
Name of publisher MacMillan and Company Limited ,
Year of publication 1944.
300 ## - PHYSICAL DESCRIPTION
Number of Pages 480 ; .
700 1# - ADDED ENTRY--PERSONAL NAME
Personal name Rayleigh, Baron .
942 ## - ADDED ENTRY ELEMENTS (KOHA)
Koha item type Books
Holdings
Withdrawn status Lost status Damaged status Home library Current library Date acquired Full call number Accession Number Koha item type
      KAUAET KAUAET 07/04/2012 534 STR/TH 11737 Books
free website counter